000 01099nam a2200253 a 4500
001 74329
003 BD-RjUL
005 20211209082534.0
008 180710s2017 b ||||| |||| 00| 0 ben d
020 _a9789849297758
_cTk.300.00
035 _a(BD-RjUL)74547
040 _aBD-RjUL
_beng
_cBD-RjUL
041 _aben
082 _223
_a297
_bISL 2017
100 1 _aতাহের, মোহাম্মদ আবু
_9221684
245 1 0 _aইসলামী জীবনাচরণ /
_cমোহা্ম্মদ আবু তাহের , এ বি এম সাইফুল ইসলাম , মোহাম্মদ শাহাদাত হোসেন
260 _aঢাকা :
_bপ্রাইম ইসলামী লাইফ ইন্সুরেন্স ,
_c২০১৭
300 _a৪১৬ প. ;
_c২২ সেমি.
650 _aইসলাম
_9221685
650 _aIslam
_9221686
700 _aইসলাম, এ বি এম সাইফুল
_9221687
700 _aহোসেন, মোহাম্মদ শাহাদাত
_9221688
942 _2ddc
_cBK
999 _c74329
_d74329